000 00762nas a2200277 4500
001 BR7904637
003 BR-BrBNA
005 20231205083836.0
007 ta
008 230509b bl.|||p| |||| 00| 00por d
040 _aBR-BrBNA
_bpor
_cBiblioteca Nacional de Agricultura
041 _a(Pt)
072 _aF21
100 1 _aAnon.
245 1 _aFamilia de vegetais e especies cultivadas [Leguminosa]
650 _aBiologia do solo
650 _aLeguminosa
650 _aSimbiose
650 _aRhizobium
650 _aInoculacao
650 _aSoja
650 _aFeijao
773 0 _tAgricultura. A Forca Verde (Brazil)
_xISSN 0100-5650
_g(Feb 1979), v. 2(15) p. 28-31
_wBR7904637
909 _a202311
_bLúcia
_c55
_dLúcia Elande
942 _2AGRIS
_n0
_cANA
999 _c101538
_d101538